000 00258nam a2200121Ia 4500
008 180304s9999 xx 000 0 und d
020 _a9788178092294
100 _aLewis Timberlake
245 0 _aBorn to win
260 _bMagna
365 _b175
942 _cBK
999 _c2806
_d2806